Statistics for Company Slogans

Click here to take the quiz!

General Stats

  • This quiz has been taken 95 times
  • The average score is 5 of 8

Answer Stats

HintAnswer% Correct
__________ I'm Loving itMcdonalds
97%
______ Just Do itNike
95%
_______ Eat FreshSubway
94%
______ Taste The RainbowSkittles
87%
_____ Think DifferentlyApple
55%
_______ Broadcast YourselfYouTube
51%
________ How U will play nextWii u
29%
______ Connecting PeopleNokia
26%

Score Distribution

Percentile by Number Answered

Percent of People with Each Score

Your Score History

You have not taken this quiz